banner-ar

ازمة الخليج والنظام العالمى الجديد / (Record no. 27867)

MARC details
000 -الفاتح
حقل البيانات ثابتة الطول 00849nam a2200241Ia 4500
008 - عناصر البيانات ثابتة الطول - معلومات عامة
حقل البيانات ثابتة الطول 140319s9999 xx 000 0 ara d
040 ## - مصدر الفهرسة
وكالة الفهرسة الأصلية GCL /
وكالة النسخ GCL
082 04 - رقم تصنيف ديوى العشرى
رقم التصنيف 327.11
رقم المادة م ا
100 1# - المدخل الرئيسى - إسم شخصى
الإسم الشخصى حسن نافعة
245 10 - بيان العنوان
العنوان ازمة الخليج والنظام العالمى الجديد /
بيان المسئوليه,etc حسن نافعة
700 1# - المدخل الاضافى - اسم شخصى
الإسم الشخصى سيرل، مارسيل
260 ## - PUBLICATION, DISTRIBUTION, ETC. (IMPRINT)
تاريخ النشر أو التوزيع 1992
300 ## - الوصف المادى
التعداد 205 ص
490 ## - بيان السلسلة
عنوان السلسلة سلسلة دراسات ازمة الخليج
رقم المجلد/ التعيين التسلسلي 0
650 04 - المدخل الاضافى بالموضوع-مصطلح موضوعى
مصطلح موضوعي الكويت
650 04 - المدخل الاضافى بالموضوع-مصطلح موضوعى
مصطلح موضوعي الاحوال السياسية
650 04 - المدخل الاضافى بالموضوع-مصطلح موضوعى
مصطلح موضوعي العراق
650 04 - المدخل الاضافى بالموضوع-مصطلح موضوعى
مصطلح موضوعي الولايات المتحدة الامريكية
650 04 - المدخل الاضافى بالموضوع-مصطلح موضوعى
مصطلح موضوعي الشرق الاوسط
650 04 - المدخل الاضافى بالموضوع-مصطلح موضوعى
مصطلح موضوعي النظام العالمى الحديث
942 ## - عناصر المدخل الإضافي( كوها)
مصدر التصنيف او مخطط الترفيف Dewey Decimal Classification
Koha [default] item type كتاب
260 ## - PUBLICATION, DISTRIBUTION, ETC. (IMPRINT)
-- القاهرة :
-- مركز ابن خلدون للدراسات الانمائية ،
Holdings
حالة التراجع حالة الفقد حالة تلف ليس للاعارة المكان المؤقت الموقع الحالى تاريخ الاكتساب اجمالي اﻻعارات رقم الطلب الباركود تاريخ اخر مشاهدة تاريخ تفعيل السعر نوع وعاء كوها
        مكتبة القاهرة الكبرى مكتبة القاهرة الكبرى 03/26/2014   327.11\م ا 63577 03/26/2014 03/26/2014 كتاب
        مكتبة القاهرة الكبرى مكتبة القاهرة الكبرى 03/26/2014   327.11\م ا 63578 03/26/2014 03/26/2014 كتاب
        مكتبة القاهرة الكبرى مكتبة القاهرة الكبرى 03/26/2014   327.11\م ا 63579 03/26/2014 03/26/2014 كتاب
        مكتبة القاهرة الكبرى مكتبة القاهرة الكبرى 03/26/2014   327.11\م ا 63580 03/26/2014 03/26/2014 كتاب
        مكتبة القاهرة الكبرى مكتبة القاهرة الكبرى 03/26/2014   327.11\م ا 63581 03/26/2014 03/26/2014 كتاب
        مكتبة القاهرة الكبرى مكتبة القاهرة الكبرى 03/26/2014   327.11\م ا 63582 03/26/2014 03/26/2014 كتاب

Powered By

EGPV